<?xml version="1.0" encoding="UTF-8"?><?xml-stylesheet type="text/xsl" href="static/style.xsl"?><OAI-PMH xmlns="http://www.openarchives.org/OAI/2.0/" xmlns:xsi="http://www.w3.org/2001/XMLSchema-instance" xsi:schemaLocation="http://www.openarchives.org/OAI/2.0/ http://www.openarchives.org/OAI/2.0/OAI-PMH.xsd"><responseDate>2026-06-02T15:22:12Z</responseDate><request verb="GetRecord" identifier="oai:riuma.uma.es:10630/29814" metadataPrefix="marc">https://riuma.uma.es/rest/oai/request</request><GetRecord><record><header><identifier>oai:riuma.uma.es:10630/29814</identifier><datestamp>2026-02-03T11:04:34Z</datestamp><setSpec>com_10630_2254</setSpec><setSpec>col_10630_37953</setSpec></header><metadata><record xmlns="http://www.loc.gov/MARC21/slim" xmlns:dcterms="http://purl.org/dc/terms/" xmlns:doc="http://www.lyncode.com/xoai" xmlns:xsi="http://www.w3.org/2001/XMLSchema-instance" xsi:schemaLocation="http://www.loc.gov/MARC21/slim http://www.loc.gov/standards/marcxml/schema/MARC21slim.xsd">
   <leader>00925njm 22002777a 4500</leader>
   <datafield ind2=" " ind1=" " tag="042">
      <subfield code="a">dc</subfield>
   </datafield>
   <datafield ind2=" " ind1=" " tag="720">
      <subfield code="a">Guzmán-Parra, José</subfield>
      <subfield code="e">author</subfield>
   </datafield>
   <datafield ind2=" " ind1=" " tag="720">
      <subfield code="a">Sánchez-Álvarez, Nicolás</subfield>
      <subfield code="e">author</subfield>
   </datafield>
   <datafield ind2=" " ind1=" " tag="720">
      <subfield code="a">De-Diego-Otero, María Yolanda</subfield>
      <subfield code="e">author</subfield>
   </datafield>
   <datafield ind2=" " ind1=" " tag="720">
      <subfield code="a">Pérez-Costillas, Lucía María</subfield>
      <subfield code="e">author</subfield>
   </datafield>
   <datafield ind2=" " ind1=" " tag="720">
      <subfield code="a">Esteva de Antonio, Isabel</subfield>
      <subfield code="e">author</subfield>
   </datafield>
   <datafield ind2=" " ind1=" " tag="720">
      <subfield code="a">Navais-Barranco, Miriam</subfield>
      <subfield code="e">author</subfield>
   </datafield>
   <datafield ind2=" " ind1=" " tag="720">
      <subfield code="a">Castro-Zamudio, Serafina</subfield>
      <subfield code="e">author</subfield>
   </datafield>
   <datafield ind2=" " ind1=" " tag="720">
      <subfield code="a">Bergero-Miguel, Trinidad</subfield>
      <subfield code="e">author</subfield>
   </datafield>
   <datafield ind2=" " ind1=" " tag="260">
      <subfield code="c">2015-05-21</subfield>
   </datafield>
   <datafield ind2=" " ind1=" " tag="520">
      <subfield code="a">Examinamos las características sociodemográficas y la adaptación psicológica de las personas con disforia de género atendidas en el Hospital Carlos Haya de Málaga. También analizamos las diferencias entre las personas con disforia de género con transición de mujer a hombre (FtM) y las personas con disforia de género con transición de hombre a mujer (MtF). &#xd;
La muestra incluyó a 197 personas con disforia de género (101 MtF y 96 FtM) seleccionados entre quienes visitaron nuestra Unidad de Transexualidad e Identidad de Género entre 2011 y 2012. Nuestros análisis indicaron que personas con disforia de género MtF tenían más probabilidades de tener niveles educativos más bajos, viven solas, han trabajado con menos frecuencia a lo largo de su vida y se han dedicado a la prostitución. Para personas con disforia de género FtM, hubo referencias más frecuentes a la historia psiquiátrica de la madre y más evitación social y angustia. El análisis multivariado mostró que el número de rasgos disfuncionales de la personalidad y el estado de desempleo se asociaron con la depresión en toda la muestra. &#xd;
Llegamos a tres conclusiones fundamentales: existen diferencias significativas entre personas con disforia de género MtF y FtM (principalmente relacionadas con variables sociodemográficas), la depresión fue elevada en ambos grupos y un porcentaje notable de transexuales ha intentado suicidarse (22,8 %) o ha tenido pensamientos suicidas. (52,3 %). &#xd;
Esta investigación, aún hoy, es uno de los pocos estudios que recoge diferencias entre personas con disforia de género con transición MtF y transición FtM.</subfield>
   </datafield>
   <datafield ind1="8" ind2=" " tag="024">
      <subfield code="a">Guzmán-Parra, J., Sánchez-Álvarez, N., de Diego-Otero, Y. et al. Sociodemographic Characteristics and Psychological Adjustment Among Transsexuals in Spain. Arch Sex Behav 45, 587–596 (2016).</subfield>
   </datafield>
   <datafield ind1="8" ind2=" " tag="024">
      <subfield code="a">https://hdl.handle.net/10630/29814</subfield>
   </datafield>
   <datafield ind1="8" ind2=" " tag="024">
      <subfield code="a">10.1007/s10508-015-0557-6</subfield>
   </datafield>
   <datafield tag="653" ind2=" " ind1=" ">
      <subfield code="a">Transexualismo</subfield>
   </datafield>
   <datafield tag="653" ind2=" " ind1=" ">
      <subfield code="a">Identidad sexual</subfield>
   </datafield>
   <datafield ind2="0" ind1="0" tag="245">
      <subfield code="a">Sociodemographic Characteristics and Psychological Adjustment Among Transsexuals in Spain.</subfield>
   </datafield>
</record>
</metadata></record></GetRecord></OAI-PMH>